Statistics for First Names of 2018 FIFA World Cup Football Players #2

Click here to take the quiz!

General Stats

  • This quiz has been taken 110 times
  • The average score is 24 of 36

Answer Stats

TeamFirst NameLast name% Correct
FranceHugoLloris
92%
SpainDavidDe Gea
91%
GermanyTimoWerner
91%
ArgentinaSergioAguero
90%
SpainGerardPiqué
89%
EnglandJohnStones
87%
FranceOlivierGiroud
86%
CroatiaIvanPerisić
84%
UruguayEdinsonCavani
83%
EnglandJesseLingard
82%
BrazilRobertoFirmino
82%
PortugalRuiPatricio
82%
CroatiaMarioMandžukić
81%
BrazilThiagoSilva
81%
SwitzerlandGranitXhaka
79%
ColombiaRadamelFalcao
79%
FranceRaphaëlVarane
79%
EnglandJordanHenderson
78%
BrazilPhilippeCoutinho
77%
BelgiumDriesMertens
75%
BelgiumThibautCourtois
74%
FranceOusmaneDembele
71%
ArgentinaMarcosRojo
70%
GermanyAntonioRüdiger
67%
MexicoJavierHernandez
67%
FranceSamuelUmtiti
67%
SwitzerlandXherdanShaqiri
64%
ColombiaYerryMina
63%
MexicoGuillermoOchoa
40%
SenegalMbayeNiang
38%
UruguayCarlosSanchez
33%
IranSardarAzmoun
27%
SwitzerlandBlerimDzemaili
26%
PeruAndreCarrillo
24%
TunisiaFakhreddineBen Youssef
10%
TunisiaSyamBen Youssef
8%

Score Distribution

Percentile by Number Answered

Percent of People with Each Score

Your Score History

You have not taken this quiz